000 00863nam a2200241Ia 4500
003 GCL
008 140319s9999 xx 000 0 ara d
040 _aGCL /
_cGCL
082 0 4 _a813.03
_bص ك
100 1 _aصلاح والى
245 1 0 _aكائنات هشة لليل :
_bرواية /
_cصلاح والى
250 _aالاولى
260 _aالقاهرة :
_bالهيئة العامة لقصور الثقافة ،
_c2000
300 _a362 ص ؛
_c20 سم
490 _aاصوات ادبية
_v283
650 0 4 _aالادب العربى
650 0 4 _aالادب العربى - تاريخ
650 0 4 _aالادب العربى - العصر الحديث
650 0 4 _aالقصص العربية - مصر
650 0 4 _aالادب العربى - مصر
650 0 4 _aالادب العربى - تاريخ - العصر الحديث
942 _2ddc
_cBK
999 _c5809
_d5809